000 00281nam a22001337a 4500
008 181102b xxu||||| |||| 00| 0 eng d
020 _a080891829
041 _aeng
080 _a617
100 _a6
101 _aSHK
245 _aVascular Surgery
_cMoore, W.S
942 _2udc
_cBK
999 _c51740
_d51740